00756nam a22002657a 45000010005000000030006000050050017000110080041000280200018000690400029000870500020001160820012001361000015001482450030001632600038001933000046002314900034002775050007003115200072003185210019003905210018004096500033004279420015004609990015004757415FISKH20250714134842.0250714b cb ||||| |||| 00| 0 eng d a9780531208632 aFISKHbengcFISKHdFISKH aQE862.S3 M33165 a567.912 aMara, Wil  aOviraptor / cby Wil Mara aNew York : bScholastic, c2012.  a32 pages : bcolor illustrations ; c19cm aRookie Read-About Dinosaurs)  aG  aDescribes the oviraptor's looks, eating habits, and fighting style.8 a410 bLexile 8 aG bRaz-Plus  aDinosaursvPrehistoric world 2ddccBKn0 c7415d7415